00729nam a22002417a 4500003000200000005001700002008000200019010001300021020002200034035002300056037001600079040001500095082001500110245012200125260004200247270006100289300002400350650002200374650002800396700002100424700002400445700001800469020180711103258.00 aA-936384 c00.00a8186030506 aA-936384, A-936385 bCen Lib/Ret aDPLbENc0 a371.2bEDU aEducational management :cedited by Hemlata Talesra, Satya Pal Ruhela [and] M. L. Nagdabinnovative global patterns / aNew DelhibRegency Publicationsc1997 bNew Delhia20/36-G, Old Market, West Patel Nagare110008 axii,373p.c22cm(Hb) aSpecial education aEducational management  aTalesra, Hemlata aRuhela , Satya Pal  aNagda, M. L.